000 00636nam a22002297a 4500
003 UA-OsUOA
001 125567
007 ta
008 20170919b un ||||| |||| 00| 0 ukr d
100 _aБернацкая Р.
090 _a929:792
_bБ51
942 _cBK
040 _aUA-OsUOA
_brus
_cUA-OsUOA
_dUA-OsUOA
245 _aНаталия Михайловна Ужвий
_bнародная артистка СССР
300 _a38 с.
955 _a1
041 _arus
080 _a929:792
260 _aК.
_bДВОММЛ
_c1960
650 7 _a9 Географія. Біографії. Історія
_2UDC
999 _c412815
_d412815